000 00330nam a22001337a 4500
008 170801b xxu||||| |||| 00| 0 eng d
020 _a9780073191461
041 _aeng
080 _24TH
_a004
100 _a32
101 _aSHK
245 _aINTRODUCTION TO LANGUAGES AND THE THEORY OF COMPUTATION
_cMARTIN,J.C
942 _2udc
_cBK
999 _c22432
_d22432